| 000 | 00365nam a2200157Ia 4500 | ||
|---|---|---|---|
| 003 | LK-CoDNM | ||
| 005 | 20231008144630.0 | ||
| 008 | 010623t1919 xxu||||| |||| 00| 1 eng d | ||
| 040 |
_aLK-CoDNM _dLK-CoDNM _eLK-CoDNM |
||
| 041 | _aeng | ||
| 080 | _a50 E18 | ||
| 245 | _aTrinity College Magazine | ||
| 260 |
_b? _c1919 |
||
| 300 | _b182p,22ill., 20 cm | ||
| 942 | _cBK | ||
| 999 |
_c89757 _d89757 |
||